000 00547nam a2200169 4500
001 127981
003 ES-MaACL
005 20230906193131.0
007 t|
008 070214s1962 cu r ||||1| spa d
100 1 _aRivero Muñiz, José.
_997706
245 1 3 _aEl movimiento laboral cubano durante el período 1906-1911 /
_cJosé Rivero Muñiz.
260 _aLa Habana :
_bUniversidad Central de Las Villas,
_c1962.
300 _a177 p. ;
_c20 cm.
710 2 _aUniversidad Central de Las Villas.
_97082
852 _aES-MaACL
_jC-33536
_bR.64415
999 _c127981
_d127981